| 000 | 01164nam a22002057a 4500 | ||
|---|---|---|---|
| 003 | BJBSDDR | ||
| 005 | 20251201130547.0 | ||
| 007 | ta | ||
| 008 | 251201s2024 ||||| |||| 00| 0 eng d | ||
| 040 |
_bspa _cBJBSDDR |
||
| 041 | _aeng | ||
| 050 | _bK92e 2024 | ||
| 100 | 1 |
_aKremnitzer, Yuval _946300 |
|
| 245 | 1 | 4 |
_aThe emperor's new nudity : _bthe return of authoritarianism and the digital obscene / _cYuval Kremnitzer |
| 260 |
_aMassachusetts : _bThe MIT Press, _c2024 |
||
| 505 | _a Series forewordPreface1 The Emperor’s New Nudity—Authoritarianism, Old and New2 Ground and Shadow: Unwritten Law in Philosophy and Psychoanalysis3 The Machine’s New Body: Technology, Old and New (Drive and Technology)4 Human, Nature: Dialectics of the Primal5 Caught in the Web: Authority and Power, Media and TechnologyBibliography and Notes | ||
| 520 | _aThis study explores the recent rise of new authoritarian rulers in western democracies, the intimate connection between politics, media and technology, and a new mediated environment of over-exposure - or a "pornography of information", as Baudrillard would call it | ||
| 942 |
_2lcc _n0 _cBK |
||
| 946 | _icmc | ||
| 999 |
_c126012 _d126012 |
||